Matemática 3 /

Guardado en:
Autor Principal: Vázquez de Tapia, Nelly E.
Formato: Libro
Publicado: Buenos Aires : Estrada, 1981
Edición:2a. ed.
Materias:
Etiquetas: Agregar Etiqueta
Sin Etiquetas, Sea el primero en etiquetar este registro!
LEADER 00550nam a22001815a 4500
001 CEM.cems016179
005 20091211180957.0
008 130507s1981##################000#0#####d
003 CEMS
020 |a . 
082 0 4 |a 510 
100 1 |a Vázquez de Tapia, Nelly E. 
245 1 0 |a Matemática 3 /  |c Nelly E. Vázquez de Tapia, Alicia S. Tapia de Bibiloni y Carlos Alberto Tapia 
250 |a 2a. ed. 
260 |a Buenos Aires :  |b Estrada,  |c 1981 
300 |a 528 p. 
653 |a Matemática 
859 |a CEMS  |b BIB. CEMS - Agricultura  |h 510  |i T162a2  |p A10981.82  |t Ej.1  |v 3  |3 3